Professional selling (Бичлэгийн дугаар. 145466)
| 000 -УДИРДЛАГА | |
|---|---|
| Удирдлага | 01200nam a22003257a 4500 |
| 003 - ХЯНАЛТЫН ТОО ТОДОРХОЙЛОГЧ | |
| Код | MN-UlNUM |
| 005 - БИЧИЛТ ХИЙСЭН ОГНОО | |
| Тухайн бичилтийг бичсэн засварласан сүүлийн огноо | 20251222112029.0 |
| 008 - ЕРӨНХИЙ МЭДЭЭЛЭЛ | |
| Ерөнхий мэдээлэл | 251111s1996 ilua b 001 0 eng |
| 020 ## - ISBN | |
| ISBN | 0256143846 |
| 040 ## - БИЧЛЭГ ҮҮСГЭГЧ БАЙГУУЛЛАГА | |
| Бичлэг үүсгэгч номын сангийн код | МУИС-ийн номын сан |
| 084 ## - ББК АНГИЛАЛ | |
| Нэмэлт тусгалт | Нэг сэдэвт бүтээл |
| ББК ангилал | 65.290-2 |
| Зохиогчийн гурван тэмдэгт | G 81 |
| Мэдлэгийн ялгаа | 65 - Эдийн засаг |
| 100 1# - ЗОХИОГЧ | |
| Зохиогчийн нэр | Gretz, Karl F |
| 245 10 - ҮНДСЭН ГАРЧИГ | |
| Номын нэр | Professional selling |
| Бага гарчгийн мэдээ | A consultative approach |
| 260 ## - ГАРАЛТЫН МЭДЭЭ | |
| Хэвлэгдсэн газар | Chicago |
| Хэвлэлийн газар | Irwin |
| Хэвлэгдсэн он | 1996 |
| 300 ## - МАТЕРИАЛЫН ТОДОРХОЙЛОЛТ | |
| хуудасны тоо | xxvii, 469 p. : |
| Бусад тоон мэдээлэл | ill. ; |
| Хэмжээ | 26 cm |
| 500 ## - Тайлбар | |
| Дансны дугаар | БС 3801, 4646 |
| 505 ## - Агуулгын тэмдэглэгээ | |
| Агуулгын тэмдэглэгээ | This text supports the belief that the customers are the final judge of the quality of goods and services. It stresses the importance of strong relationship building among sales people and their customers and integrates discussion of ethics throughout the text. |
| 546 ## - ХЭЛНИЙ ТУХАЙ МЭДЭЭ | |
| Хэл | Англи хэл дээр, |
| 653 ## - Түлхүүр үг | |
| Түлхүүр үг | selling |
| 700 1# - ХАМ ЗОХИОГЧИД | |
| Ба бус | Drozdeck, Steven R |
| 700 1# - ХАМ ЗОХИОГЧИД | |
| Ба бус | Wiesenhutter, Walter J |
| 740 ## - НОМЫН ГАРЧИГ | |
| Гарчиг | Introduction to professional selling |
| 740 ## - НОМЫН ГАРЧИГ | |
| Гарчиг | The language of selling |
| 740 ## - НОМЫН ГАРЧИГ | |
| Гарчиг | Dynamics of selling |
| 740 ## - НОМЫН ГАРЧИГ | |
| Гарчиг | Incrasing your sales effectiveness |
| 740 ## - НОМЫН ГАРЧИГ | |
| Гарчиг | Your future in professional selling |
| 942 ## - ЭЛЕМЕНТИЙН ТӨРӨЛ | |
| Зүйлийн төрөл | Ном |
